00584nam a22001457a 4500008004100000020002200041082001100063100002300074245010100097260003400198300001800232942000800250999001500258952016500273230331b |||||||| |||| 00| 0 eng d a978-81-8495-784-6 a658.42 aKevin. D . Johnson aThe Entrepreneur Mind:b100 essential beliefs, characteristics and habits of Elite Entrepreneurs bJaico Publishing House,c2013 a251 p.c22 cm 2ddc c9441d9442 00102ddc40708PopularaRTCLIBbRTCLIBcPopulard2023-03-31h177279l6m3o658.42 JOHp30018687q2026-05-25r2026-05-10 14:38:32s2026-05-10w2023-03-31yMAIN